00925nam a2200229 i 4500003000900000005001700009008004100026040004600067082002300113100002300136245009400159264006400253300002200317336002200339337002400361338003300385500012000418546002400538650003100562650004500593856005700638EG-GICUC20260411183747.0260411s1944 sz |||fr|||| 00| 0 fre d a EG-GICUCbfrec EG-GICUCd EG-GICUCerda04221a341.65bHU . P1 aHuber,Max eAuteur02aPrincipes, Tâches Et Problèmes De La Croix-Rouge Dans Le Droit Des Gens /cMax Huber. 1aGenève:bComité International De La Croix-Rouge,c1944. a52 Pages;c24 cm. 2rda contentatext 2rda mediaaComputer 2rda carrieraOnline Resource aExtrait De La Revue Internationale De La Croix-Rouge (26e Année, N° 310-312, Octobre, Novembre, Décembre 1944) aTexte en français04aDroit International Public04aComité International de la Croix-Rouge40uhttps://fll.law.cu.edu.eg/fulltext/bks/B11-09787.pdf